000 00353nam a2200157Ia 4500
999 _c58
_d58
003 OSt
005 20190927111610.0
008 190722s9999 xx 000 0 und d
020 _a978-0123914903
040 _cmaju
100 _aPeter Barry
245 0 _aModern Embeded Computing
260 _aIndia
_bElsevier
_c2012
300 _a518
942 _cBK
_2ddc